| 000 | 00990cam a2200253 4500 | ||
|---|---|---|---|
| 001 | sa 65004258 | ||
| 003 | DLC | ||
| 005 | 20260227112129.0 | ||
| 008 | 710324m19389999ii c 000 0 eng | ||
| 010 | _asa 65004258 | ||
| 040 |
_aDLC _cDLC _dDLC |
||
| 043 | _aa-ii--- | ||
| 050 | 0 | 0 |
_aZ6605.S3 _bM3 |
| 082 | 0 | 0 | _a015/.54 |
| 110 | 2 | _aGovernment Oriental Manuscripts Library (Tamil Nadu, India) | |
| 245 | 1 | 3 |
_aAn alphabetical index of Sanskrit manuscripts in the Government Oriental Manuscripts Library, Madras, _cby S. Kuppuswami Sastri and P. P. Subrahmanya Sastri. Prepared under the orders of the Government of Madras. |
| 260 |
_aMadras, _bPrinted by the Superintendent, Govt. Press, _c1938- |
||
| 300 |
_av. _c25-33 cm. |
||
| 500 | _aCover title. | ||
| 500 | _aVols. 2-3, by P. P. Subrahmanya Sastri. | ||
| 650 | 0 |
_aManuscripts, Sanskrit _zIndia _zChennai _vCatalogs. |
|
| 700 | 1 |
_aKuppuswami Sastri, S., _d1880-1943. |
|
| 700 | 1 |
_aSubrahmanya Sastri, P. P. _q(Palamadai Pichumani) |
|
| 999 |
_c63640 _d63640 |
||